[Event "English Schools Championship Final 2024"]
[Site "Nottingham University Kings Meadow Campus, United Kingdom"]
[Date "2024.06.27"]
[Round "1.21"]
[White "Vyas, Alisha"]
[Black "Ononye, Chigozim"]
[Result "1/2-1/2"]
[TimeControl "G50' + 10\" per move."]
[WhiteFideId "461318"]
[WhiteElo "1938"]
[BlackElo "1627"]

1. e4 {[%clk 00:50:18]} {[%emt 00:00:01]} e5 {[%clk 00:49:49]} {[%emt
00:00:31]} 2. Nf3 {[%clk 00:50:23]} {[%emt 00:00:06]} Nc6 {[%clk 00:49:33]}
{[%emt 00:00:26]} 3. Bb5 {[%clk 00:50:25]} {[%emt 00:00:08]} a6 {[%clk
00:48:41]} {[%emt 00:01:01]} 4. Ba4 {[%clk 00:50:19]} {[%emt 00:00:16]} Nf6
{[%clk 00:46:40]} {[%emt 00:02:11]} 5. d3 {[%clk 00:50:11]} {[%emt 00:00:18]}
Bc5 {[%clk 00:46:00]} {[%emt 00:00:50]} 6. c3 {[%clk 00:49:50]} {[%emt
00:00:31]} b5 {[%clk 00:45:24]} {[%emt 00:00:46]} 7. Bc2 {[%clk 00:49:49]}
{[%emt 00:00:11]} d6 {[%clk 00:45:07]} {[%emt 00:00:27]} 8. h3 {[%clk
00:49:11]} {[%emt 00:00:49]} h6 {[%clk 00:44:19]} {[%emt 00:00:58]} 9. Nbd2
{[%clk 00:48:42]} {[%emt 00:00:38]} O-O {[%clk 00:44:07]} {[%emt 00:00:22]} 10.
O-O {[%clk 00:48:44]} {[%emt 00:00:08]} Re8 {[%clk 00:43:42]} {[%emt 00:00:35]}
11. Re1 {[%clk 00:48:48]} {[%emt 00:00:06]} Ba7 {[%clk 00:43:13]} {[%emt
00:00:35]} 12. Nf1 {[%clk 00:48:27]} {[%emt 00:00:35]} Be6 {[%clk 00:42:18]}
{[%emt 00:01:05]} 13. Ng3 {[%clk 00:46:57]} {[%emt 00:01:40]} Bc8 {[%clk
00:41:55]} {[%emt 00:00:33]} 14. d4 {[%clk 00:38:54]} {[%emt 00:08:14]} Nh7
{[%clk 00:40:45]} {[%emt 00:01:19]} 15. a3 {[%clk 00:37:40]} {[%emt 00:01:25]}
Qf6 {[%clk 00:40:26]} {[%emt 00:00:27]} 16. Qd3 {[%clk 00:29:37]} {[%emt
00:08:14]} Qg6 {[%clk 00:40:04]} {[%emt 00:00:32]} 17. Be3 {[%clk 00:23:12]}
{[%emt 00:06:34]} Na5 {[%clk 00:36:43]} {[%emt 00:03:33]} 18. Nh4 {[%clk
00:19:11]} {[%emt 00:04:10]} Qf6 {[%clk 00:35:55]} {[%emt 00:00:57]} 19. Nhf5
{[%clk 00:18:30]} {[%emt 00:00:52]} Bxf5 {[%clk 00:34:17]} {[%emt 00:01:47]} 20.
Nxf5 {[%clk 00:17:38]} {[%emt 00:01:03]} c5 {[%clk 00:31:58]} {[%emt 00:02:29]}
21. Rad1 {[%clk 00:16:30]} {[%emt 00:01:19]} Rad8 {[%clk 00:30:15]} {[%emt
00:01:52]} 22. a4 {[%clk 00:08:15]} {[%emt 00:08:26]} Nc4 {[%clk 00:29:59]}
{[%emt 00:00:25]} 23. Bc1 {[%clk 00:07:43]} {[%emt 00:00:43]} exd4 {[%clk
00:29:40]} {[%emt 00:00:28]} 24. cxd4 {[%clk 00:07:32]} {[%emt 00:00:22]} cxd4
{[%clk 00:26:50]} {[%emt 00:02:59]} 25. axb5 {[%clk 00:04:27]} {[%emt
00:03:17]} Ne5 {[%clk 00:26:36]} {[%emt 00:00:21]} 26. Qg3 {[%clk 00:03:02]}
{[%emt 00:01:37]} Kh8 {[%clk 00:25:38]} {[%emt 00:01:05]} 27. Qa3 {[%clk
00:03:05]} {[%emt 00:00:10]} Bc5 {[%clk 00:24:21]} {[%emt 00:01:26]} 28. b4
{[%clk 00:02:59]} {[%emt 00:00:16]} Ba7 {[%clk 00:23:22]} {[%emt 00:01:08]} 29.
Qxa6 {[%clk 00:03:04]} {[%emt 00:00:06]} Ra8 {[%clk 00:22:05]} {[%emt
00:01:27]} 30. b6 {[%clk 00:03:02]} {[%emt 00:00:13]} d5 {[%clk 00:21:39]}
{[%emt 00:00:36]} 31. Qa1 {[%clk 00:00:52]} {[%emt 00:02:19]} Bxb6 {[%clk
00:21:23]} {[%emt 00:00:26]} 32. Qb2 {[%clk 00:00:59]} {[%emt 00:00:03]} Nc4
{[%clk 00:21:03]} {[%emt 00:00:29]} 33. Qb1 {[%clk 00:00:33]} {[%emt 00:00:36]}
dxe4 {[%clk 00:20:36]} {[%emt 00:00:38]} 34. Bxe4 {[%clk 00:00:40]} {[%emt
00:00:04]} Nf8 {[%clk 00:18:13]} {[%emt 00:02:30]} 35. Bxa8 {[%clk 00:00:47]}
{[%emt 00:00:06]} Rxa8 {[%clk 00:17:52]} {[%emt 00:00:31]} 36. Qe4 {[%clk
00:00:28]} {[%emt 00:00:28]} Rd8 {[%clk 00:17:35]} {[%emt 00:00:26]} 37. Qf3
{[%clk 00:00:17]} {[%emt 00:00:23]} Ng6 {[%clk 00:17:05]} {[%emt 00:00:39]} 38.
Ng3 {[%clk 00:00:19]} {[%emt 00:00:08]} Qxf3 {[%clk 00:16:56]} {[%emt
00:00:19]} 39. gxf3 {[%clk 00:00:28]} {[%emt 00:00:01]} Nh4 {[%clk 00:16:29]}
{[%emt 00:00:36]} 40. Re4 {[%clk 00:00:37]} {[%emt 00:00:02]} Nxf3+ {[%clk
00:16:16]} {[%emt 00:00:24]} 41. Kg2 {[%clk 00:00:42]} {[%emt 00:00:05]} Nfe5
{[%clk 00:16:13]} {[%emt 00:00:12]} 42. f4 {[%clk 00:00:24]} {[%emt 00:00:28]}
Ng6 {[%clk 00:16:11]} {[%emt 00:00:13]} 43. Nf5 {[%clk 00:00:24]} {[%emt
00:00:11]} Kh7 {[%clk 00:15:56]} {[%emt 00:00:24]} 44. Nxd4 {[%clk 00:00:28]}
{[%emt 00:00:06]} Nh4+ {[%clk 00:15:45]} {[%emt 00:00:21]} 45. Kf2 {[%clk
00:00:26]} {[%emt 00:00:12]} Nf5 {[%clk 00:15:42]} {[%emt 00:00:13]} 46. Kg2
{[%clk 00:00:20]} {[%emt 00:01:31]} Rxd4 {[%clk 00:15:31]} {[%emt 00:00:16]} 47.
Rdxd4 {[%clk 00:00:23]} {[%emt 00:00:08]} Nxd4 {[%clk 00:15:35]} {[%emt
00:00:05]} 48. Re7 {[%clk 00:00:20]} {[%emt 00:00:10]} Nb3 {[%clk 00:15:35]}
{[%emt 00:00:13]} 49. Rxf7 {[%clk 00:00:14]} {[%emt 00:00:17]} Nxc1 {[%clk
00:15:38]} {[%emt 00:00:07]} 50. Rb7 {[%clk 00:00:19]} {[%emt 00:00:04]} Be3
{[%clk 00:15:44]} {[%emt 00:00:05]} 51. Kf3 {[%clk 00:00:22]} {[%emt 00:00:06]}
Bb6 {[%clk 00:15:51]} {[%emt 00:00:03]} 52. Rb8 {[%clk 00:00:25]} {[%emt
00:00:05]} Nb3 {[%clk 00:15:50]} {[%emt 00:00:13]} 53. Rc8 {[%clk 00:00:25]}
{[%emt 00:00:09]} Ncd2+ {[%clk 00:15:43]} {[%emt 00:00:18]} 54. Ke2 {[%clk
00:00:29]} {[%emt 00:00:06]} Kg6 {[%clk 00:15:45]} {[%emt 00:00:07]} 55. Rc6+
{[%clk 00:00:37]} {[%emt 00:00:04]} Kf5 {[%clk 00:15:53]} {[%emt 00:00:02]} 56.
Rxb6 {[%clk 00:00:44]} {[%emt 00:00:03]} Ne4 {[%clk 00:15:57]} {[%emt
00:00:06]} 57. Rb7 {[%clk 00:00:46]} {[%emt 00:00:08]} Nd4+ {[%clk 00:15:59]}
{[%emt 00:00:08]} 58. Kd3 {[%clk 00:00:49]} {[%emt 00:00:05]} Ne6 {[%clk
00:15:58]} {[%emt 00:00:13]} 59. Rf7+ {[%clk 00:00:49]} {[%emt 00:00:10]} Kg6
{[%clk 00:15:59]} {[%emt 00:00:08]} 60. Ra7 {[%clk 00:00:53]} {[%emt 00:00:07]}
Nf2+ {[%clk 00:16:02]} {[%emt 00:00:06]} 61. Ke3 {[%clk 00:00:26]} {[%emt
00:00:36]} Nxh3 {[%clk 00:16:09]} {[%emt 00:00:03]} 62. b5 {[%clk 00:00:16]}
{[%emt 00:00:21]} Nhxf4 {[%clk 00:16:14]} {[%emt 00:00:06]} 63. Kf2 {[%clk
00:00:14]} {[%emt 00:00:11]} Nd5 {[%clk 00:15:16]} {[%emt 00:01:08]} 64. b6
{[%clk 00:00:14]} {[%emt 00:00:11]} Nxb6 {[%clk 00:15:14]} {[%emt 00:00:11]} 65.
Ra6 {[%clk 00:00:23]} Kf5 {[%clk 00:15:22]} {[%emt 00:00:02]} 66. Rxb6 {[%clk
00:00:32]} {[%emt 00:00:02]} g5 {[%clk 00:15:30]} 67. Rb5+ {[%clk 00:00:39]}
{[%emt 00:00:04]} Kf6 {[%clk 00:15:38]} {[%emt 00:00:02]} 68. Kg3 {[%clk
00:00:42]} {[%emt 00:00:06]} h5 {[%clk 00:15:40]} {[%emt 00:00:08]} 69. Ra5
{[%clk 00:00:48]} {[%emt 00:00:04]} Kg6 {[%clk 00:15:45]} {[%emt 00:00:05]} 70.
Ra6 {[%clk 00:00:54]} {[%emt 00:00:05]} Kf5 {[%clk 00:15:52]} {[%emt 00:00:02]}
71. Ra5+ {[%clk 00:01:03]} {[%emt 00:00:02]} Kf6 {[%emt 00:01:53]} 72. Ra1
1/2-1/2

[Event "English Schools Championship Final 2024"]
[Site "Nottingham University Kings Meadow Campus, United Kingdom"]
[Date "2024.06.27"]
[Round "1.22"]
[White "Rivera, Romeu"]
[Black "Yu, Daniel"]
[Result "0-1"]
[TimeControl "G50' + 10\" per move."]
[BlackFideId "472077"]
[WhiteElo "1629"]
[BlackElo "2017"]

1. d4 {[%clk 00:50:17]} {[%emt 00:00:02]} Nf6 {[%clk 00:47:47]} {[%emt
00:02:33]} 2. Bg5 {[%clk 00:49:59]} {[%emt 00:00:28]} e6 {[%clk 00:47:41]}
{[%emt 00:00:16]} 3. e3 {[%clk 00:49:46]} {[%emt 00:00:23]} d5 {[%clk
00:47:14]} {[%emt 00:00:37]} 4. Nf3 {[%clk 00:49:36]} {[%emt 00:00:21]} h6
{[%clk 00:47:01]} {[%emt 00:00:23]} 5. Bh4 {[%clk 00:48:56]} {[%emt 00:00:50]}
Nbd7 {[%clk 00:46:59]} {[%emt 00:00:11]} 6. Bd3 {[%clk 00:48:32]} {[%emt
00:00:35]} c5 {[%clk 00:46:57]} {[%emt 00:00:11]} 7. c3 {[%clk 00:48:06]}
{[%emt 00:00:36]} Bd6 {[%clk 00:46:13]} {[%emt 00:00:54]} 8. O-O {[%clk
00:47:52]} {[%emt 00:00:24]} Qc7 {[%clk 00:46:17]} {[%emt 00:00:06]} 9. Bg3
{[%clk 00:47:00]} {[%emt 00:01:03]} b6 {[%clk 00:41:27]} {[%emt 00:05:00]} 10.
Nbd2 {[%clk 00:46:36]} {[%emt 00:00:33]} Bb7 {[%clk 00:41:13]} {[%emt
00:00:23]} 11. Bxd6 {[%clk 00:45:23]} {[%emt 00:01:23]} Qxd6 {[%clk 00:41:20]}
{[%emt 00:00:04]} 12. Re1 {[%clk 00:44:16]} {[%emt 00:01:18]} Ne4 {[%clk
00:38:43]} {[%emt 00:02:46]} 13. Rc1 {[%clk 00:40:36]} {[%emt 00:03:50]} Rc8
{[%clk 00:37:01]} {[%emt 00:01:52]} 14. b3 {[%clk 00:36:31]} {[%emt 00:04:15]}
O-O {[%clk 00:36:00]} {[%emt 00:01:11]} 15. Qe2 {[%clk 00:35:27]} {[%emt
00:01:15]} cxd4 {[%clk 00:35:35]} {[%emt 00:00:35]} 16. exd4 {[%clk 00:32:17]}
{[%emt 00:03:19]} Nxc3 {[%clk 00:34:17]} {[%emt 00:01:29]} 17. Qf1 {[%clk
00:30:55]} {[%emt 00:01:32]} a5 {[%clk 00:33:25]} {[%emt 00:01:02]} 18. Rc2
{[%clk 00:29:47]} {[%emt 00:01:18]} Nf6 {[%clk 00:32:37]} {[%emt 00:00:57]} 19.
Ba6 {[%clk 00:26:37]} {[%emt 00:03:20]} Bxa6 {[%clk 00:32:14]} {[%emt
00:00:33]} 20. Qxa6 {[%clk 00:26:23]} {[%emt 00:00:23]} Ra8 {[%clk 00:30:57]}
{[%emt 00:01:28]} 21. Qd3 {[%clk 00:24:47]} {[%emt 00:01:47]} Nce4 {[%clk
00:29:46]} {[%emt 00:01:21]} 22. h3 {[%clk 00:22:48]} {[%emt 00:02:09]} a4
{[%clk 00:27:08]} {[%emt 00:02:48]} 23. Rec1 {[%clk 00:21:09]} {[%emt
00:01:49]} axb3 {[%clk 00:26:29]} {[%emt 00:00:48]} 24. axb3 {[%clk 00:19:07]}
{[%emt 00:02:12]} Ra7 {[%clk 00:25:38]} {[%emt 00:01:00]} 25. Rc6 {[%clk
00:17:27]} {[%emt 00:01:52]} Qb4 {[%clk 00:25:04]} {[%emt 00:00:42]} 26. R6c2
{[%clk 00:13:59]} {[%emt 00:03:39]} Ra3 {[%clk 00:22:41]} {[%emt 00:02:32]} 27.
Rb2 {[%clk 00:12:26]} {[%emt 00:01:44]} Rfa8 {[%clk 00:21:29]} {[%emt
00:01:21]} 28. Qe3 {[%clk 00:10:17]} {[%emt 00:02:20]} Ra1 {[%clk 00:18:07]}
{[%emt 00:03:32]} 29. Rxa1 {[%clk 00:07:02]} {[%emt 00:03:25]} Rxa1+ {[%clk
00:18:12]} {[%emt 00:00:05]} 30. Rb1 {[%clk 00:06:46]} {[%emt 00:00:26]} Qa5
{[%clk 00:16:35]} {[%emt 00:01:47]} 31. Rxa1 {[%clk 00:05:44]} {[%emt
00:01:11]} Qxa1+ {[%clk 00:16:43]} {[%emt 00:00:03]} 32. Kh2 {[%clk 00:05:19]}
{[%emt 00:00:35]} Qc3 {[%clk 00:16:19]} {[%emt 00:00:33]} 33. Qxc3 {[%clk
00:03:35]} {[%emt 00:01:55]} Nxc3 {[%clk 00:16:27]} {[%emt 00:00:03]} 34. Ne5
{[%clk 00:03:07]} {[%emt 00:00:37]} Nce4 {[%clk 00:15:53]} {[%emt 00:00:43]} 35.
Nxe4 {[%clk 00:02:45]} {[%emt 00:00:33]} Nxe4 {[%clk 00:16:01]} {[%emt
00:00:02]} 36. Kg1 {[%clk 00:02:37]} {[%emt 00:00:18]} b5 {[%clk 00:15:19]}
{[%emt 00:00:53]} 37. f3 {[%clk 00:01:52]} {[%emt 00:00:55]} Nd6 {[%clk
00:13:46]} {[%emt 00:01:42]} 38. Kf2 {[%clk 00:01:42]} {[%emt 00:00:20]} f6
{[%clk 00:13:34]} {[%emt 00:00:22]} 39. Nc6 {[%clk 00:01:10]} {[%emt 00:00:42]}
Kf7 {[%clk 00:12:50]} {[%emt 00:00:54]} 40. Ke3 {[%clk 00:01:14]} {[%emt
00:00:06]} Ke8 {[%clk 00:12:22]} {[%emt 00:00:39]} 41. g4 {[%clk 00:01:04]}
{[%emt 00:00:20]} Kd7 {[%clk 00:11:53]} {[%emt 00:00:38]} 42. Na5 {[%clk
00:00:46]} {[%emt 00:00:28]} b4 {[%clk 00:11:27]} {[%emt 00:00:36]} 43. Kd3
{[%clk 00:00:47]} {[%emt 00:00:10]} Kc7 {[%clk 00:11:27]} {[%emt 00:00:09]} 44.
h4 {[%clk 00:00:23]} {[%emt 00:00:34]} Kb6 {[%clk 00:11:31]} {[%emt 00:00:06]}
45. Nc4+ {[%clk 00:00:30]} {[%emt 00:00:03]} dxc4+ {[%clk 00:11:35]} {[%emt
00:00:06]} 46. bxc4 {[%clk 00:00:37]} {[%emt 00:00:03]} Kc6 {[%clk 00:11:01]}
{[%emt 00:00:44]} 47. c5 {[%clk 00:00:35]} {[%emt 00:00:12]} Nb5 {[%clk
00:11:02]} {[%emt 00:00:09]} 48. Kc4 {[%clk 00:00:39]} {[%emt 00:00:06]} g5
{[%clk 00:10:26]} {[%emt 00:00:47]} 49. hxg5 {[%clk 00:00:28]} {[%emt
00:00:19]} hxg5 {[%clk 00:10:29]} {[%emt 00:00:08]} 50. Kxb4 {[%clk 00:00:18]}
{[%emt 00:00:19]} Nxd4 {[%clk 00:10:29]} {[%emt 00:00:11]} 51. Kc4 {[%clk
00:00:25]} {[%emt 00:00:03]} Nxf3 {[%clk 00:10:30]} {[%emt 00:00:09]} 0-1

[Event "English Schools Championship Final 2024"]
[Site "Nottingham University Kings Meadow Campus, United Kingdom"]
[Date "2024.06.27"]
[Round "1.23"]
[White "Zheng, Jerry Z"]
[Black "Ma, Haoren"]
[Result "1-0"]
[TimeControl "G50' + 10\" per move."]
[WhiteFideId "460990"]
[WhiteElo "1904"]
[BlackElo "1698"]

1. e4 {[%clk 00:50:19]} g6 {[%clk 00:50:10]} {[%emt 00:00:06]} 2. d4 {[%clk
00:50:24]} {[%emt 00:00:09]} Bg7 {[%clk 00:49:38]} {[%emt 00:00:27]} 3. Nf3
{[%clk 00:50:33]} {[%emt 00:00:16]} d6 {[%clk 00:49:28]} {[%emt 00:00:19]} 4.
Be3 {[%clk 00:50:09]} {[%emt 00:00:35]} Nf6 {[%clk 00:49:21]} {[%emt 00:00:17]}
5. Nc3 {[%clk 00:50:11]} {[%emt 00:00:08]} O-O {[%clk 00:49:05]} {[%emt
00:00:25]} 6. Qd2 {[%clk 00:50:10]} {[%emt 00:00:12]} Nbd7 {[%clk 00:48:28]}
{[%emt 00:00:48]} 7. O-O-O {[%clk 00:49:19]} {[%emt 00:01:01]} c5 {[%clk
00:48:01]} {[%emt 00:00:37]} 8. Kb1 {[%clk 00:48:45]} {[%emt 00:00:43]} Re8
{[%clk 00:47:44]} {[%emt 00:00:26]} 9. dxc5 {[%clk 00:48:26]} {[%emt 00:00:30]}
Ng4 {[%clk 00:46:26]} {[%emt 00:01:28]} 10. cxd6 {[%clk 00:45:39]} {[%emt
00:02:58]} Nxe3 {[%clk 00:45:51]} {[%emt 00:00:32]} 11. Qxe3 {[%clk 00:44:46]}
{[%emt 00:01:16]} exd6 {[%clk 00:45:37]} {[%emt 00:00:21]} 12. Rxd6 {[%clk
00:41:25]} {[%emt 00:03:34]} Bxc3 {[%clk 00:45:20]} {[%emt 00:00:26]} 13. Qxc3
{[%clk 00:40:00]} {[%emt 00:01:35]} Rxe4 {[%clk 00:45:13]} {[%emt 00:00:16]} 14.
Bb5 {[%clk 00:38:41]} {[%emt 00:01:31]} Qe7 {[%clk 00:44:28]} {[%emt 00:00:52]}
15. Rhd1 {[%clk 00:37:27]} {[%emt 00:01:26]} a6 {[%clk 00:43:05]} {[%emt
00:01:33]} 16. Bxd7 {[%clk 00:37:06]} {[%emt 00:00:31]} Bxd7 {[%clk 00:40:52]}
{[%emt 00:02:15]} 17. Rxd7 {[%clk 00:37:08]} {[%emt 00:00:16]} Qe8 {[%clk
00:40:07]} {[%emt 00:00:55]} 18. a3 {[%clk 00:35:22]} {[%emt 00:01:56]} Re7
{[%clk 00:39:49]} {[%emt 00:00:26]} 19. Qc7 {[%clk 00:34:45]} {[%emt 00:00:49]}
Rxd7 {[%clk 00:38:56]} {[%emt 00:01:01]} 20. Rxd7 {[%clk 00:33:00]} Rc8 {[%clk
00:37:36]} {[%emt 00:03:24]} 21. Qxb7 {[%clk 00:32:14]} {[%emt 00:01:00]} Rb8
{[%clk 00:36:45]} {[%emt 00:00:59]} 22. Qd5 {[%clk 00:31:13]} {[%emt 00:01:12]}
Qe6 {[%clk 00:35:23]} {[%emt 00:01:31]} 23. Qxe6 {[%clk 00:30:23]} {[%emt
00:01:01]} fxe6 {[%clk 00:35:17]} {[%emt 00:00:15]} 24. Rd6 {[%clk 00:30:05]}
{[%emt 00:00:29]} Re8 {[%clk 00:34:48]} {[%emt 00:00:38]} 25. Rxa6 {[%clk
00:30:06]} {[%emt 00:00:10]} e5 {[%clk 00:34:11]} {[%emt 00:00:47]} 26. Ng5
{[%clk 00:29:37]} {[%emt 00:00:39]} Kg7 {[%clk 00:33:42]} {[%emt 00:00:38]} 27.
Re6 {[%clk 00:29:19]} {[%emt 00:00:30]} Rd8 {[%clk 00:32:55]} {[%emt 00:00:54]}
28. Nf3 {[%clk 00:28:21]} {[%emt 00:01:09]} Rd1+ {[%clk 00:32:24]} {[%emt
00:00:42]} 29. Ka2 {[%clk 00:28:23]} {[%emt 00:00:08]} Rf1 {[%clk 00:32:14]}
{[%emt 00:00:20]} 30. Rxe5 {[%clk 00:27:55]} {[%emt 00:00:39]} Rxf2 {[%clk
00:32:01]} {[%emt 00:00:21]} 31. Ne1 {[%clk 00:27:52]} {[%emt 00:00:14]} Kf6
{[%clk 00:31:37]} {[%emt 00:00:34]} 32. Re3 {[%clk 00:27:47]} {[%emt 00:00:13]}
Rd2 {[%clk 00:31:21]} {[%emt 00:00:28]} 33. b4 {[%clk 00:27:28]} {[%emt
00:00:29]} Kf5 {[%clk 00:30:56]} {[%emt 00:00:35]} 34. Kb3 {[%clk 00:27:28]}
{[%emt 00:00:10]} Kf4 {[%clk 00:30:55]} {[%emt 00:00:12]} 35. Re8 {[%clk
00:27:23]} {[%emt 00:00:14]} g5 {[%clk 00:30:33]} {[%emt 00:00:33]} 36. Ka4
{[%clk 00:26:53]} {[%emt 00:00:39]} Rd5 {[%clk 00:30:01]} {[%emt 00:00:39]} 37.
b5 {[%clk 00:26:16]} {[%emt 00:00:50]} Rd4+ {[%clk 00:29:34]} {[%emt 00:00:36]}
38. Ka5 {[%clk 00:26:15]} {[%emt 00:00:12]} g4 {[%clk 00:29:20]} {[%emt
00:00:23]} 39. b6 {[%clk 00:25:43]} {[%emt 00:00:44]} Rd5+ {[%clk 00:28:52]}
{[%emt 00:00:36]} 40. Ka6 {[%clk 00:25:30]} {[%emt 00:00:24]} Rd6 {[%clk
00:28:38]} {[%emt 00:00:24]} 41. Ka7 {[%clk 00:25:16]} {[%emt 00:00:24]} Rd7+
{[%clk 00:28:30]} {[%emt 00:00:19]} 42. b7 {[%clk 00:25:06]} {[%emt 00:00:20]}
g3 {[%clk 00:28:04]} {[%emt 00:00:35]} 43. Nd3+ {[%clk 00:24:49]} {[%emt
00:00:28]} Kg4 {[%clk 00:27:43]} {[%emt 00:00:30]} 44. Ne5+ {[%clk 00:24:38]}
{[%emt 00:00:20]} 1-0

[Event "English Schools Championship Final 2024"]
[Site "Nottingham University Kings Meadow Campus, United Kingdom"]
[Date "2024.06.27"]
[Round "1.24"]
[White "Atputananthan, Lagu"]
[Black "Banerji, Kumar"]
[Result "0-1"]
[TimeControl "G50' + 10\" per move."]
[BlackFideId "459666"]
[WhiteElo "1342"]
[BlackElo "1847"]

1. d4 {[%clk 00:50:08]} {[%emt 00:00:06]} Nf6 {[%clk 00:50:16]} {[%emt
00:00:11]} 2. c4 {[%clk 00:49:55]} {[%emt 00:00:22]} g6 {[%clk 00:50:21]}
{[%emt 00:00:06]} 3. Nc3 {[%clk 00:49:56]} {[%emt 00:00:09]} Bg7 {[%clk
00:50:20]} {[%emt 00:00:11]} 4. e4 {[%clk 00:49:46]} {[%emt 00:00:20]} d6
{[%clk 00:50:17]} {[%emt 00:00:12]} 5. Nf3 {[%clk 00:49:46]} {[%emt 00:00:10]}
O-O {[%clk 00:49:04]} {[%emt 00:01:23]} 6. Be2 {[%clk 00:49:42]} {[%emt
00:00:14]} e5 {[%clk 00:48:30]} {[%emt 00:00:44]} 7. h3 {[%clk 00:49:26]}
{[%emt 00:00:27]} Nbd7 {[%clk 00:46:24]} {[%emt 00:02:16]} 8. O-O {[%clk
00:49:04]} {[%emt 00:00:32]} exd4 {[%clk 00:44:52]} {[%emt 00:01:42]} 9. Nxd4
{[%clk 00:48:55]} {[%emt 00:00:20]} Nc5 {[%clk 00:43:36]} {[%emt 00:01:25]} 10.
Bd3 {[%clk 00:47:08]} {[%emt 00:01:57]} Re8 {[%clk 00:42:41]} {[%emt 00:01:04]}
11. Bg5 {[%clk 00:44:37]} {[%emt 00:02:41]} h6 {[%clk 00:39:02]} {[%emt
00:03:50]} 12. Bxf6 {[%clk 00:43:27]} {[%emt 00:01:20]} Bxf6 {[%clk 00:38:40]}
{[%emt 00:00:32]} 13. Nc2 {[%clk 00:43:20]} {[%emt 00:00:18]} Bxc3 {[%clk
00:37:34]} {[%emt 00:01:15]} 14. bxc3 {[%clk 00:43:10]} {[%emt 00:00:19]} Nxe4
{[%clk 00:37:11]} {[%emt 00:00:34]} 15. Bxe4 {[%clk 00:41:54]} {[%emt
00:01:26]} Rxe4 {[%clk 00:37:13]} {[%emt 00:00:08]} 16. Ne3 {[%clk 00:41:59]}
{[%emt 00:00:05]} Qg5 {[%clk 00:31:23]} {[%emt 00:05:59]} 17. g4 {[%clk
00:40:47]} {[%emt 00:01:24]} h5 {[%emt 00:03:12]} 18. Qd5 {[%clk 00:39:59]}
Qxd5 {[%clk 00:26:28]} {[%emt 00:03:00]} 19. cxd5 {[%clk 00:39:56]} {[%emt
00:00:13]} hxg4 {[%clk 00:26:23]} {[%emt 00:00:15]} 20. Nxg4 {[%clk 00:39:29]}
{[%emt 00:00:37]} Bxg4 {[%clk 00:26:21]} {[%emt 00:00:12]} 21. hxg4 {[%clk
00:39:28]} {[%emt 00:00:10]} Rxg4+ {[%clk 00:26:27]} {[%emt 00:00:05]} 22. Kh2
{[%clk 00:39:36]} {[%emt 00:00:02]} Kg7 {[%clk 00:26:18]} {[%emt 00:00:19]} 23.
Rae1 {[%clk 00:39:39]} {[%emt 00:00:05]} Rh8# {[%clk 00:26:25]} {[%emt
00:00:05]} 0-1

[Event "English Schools Championship Final 2024"]
[Site "Nottingham University Kings Meadow Campus, United Kingdom"]
[Date "2024.06.27"]
[Round "1.25"]
[White "Morris Dawson, Miles"]
[Black "Han, Yichen"]
[Result "0-1"]
[TimeControl "G50' + 10\" per move."]
[WhiteFideId "468878"]
[BlackFideId "1054430"]
[WhiteElo "1660"]
[BlackElo "2434"]

1. d4 {[%clk 00:50:18]} {[%emt 00:00:01]} a6 {[%clk 00:50:08]} {[%emt
00:00:13]} 2. e4 {[%clk 00:50:07]} {[%emt 00:00:22]} e6 {[%clk 00:50:05]}
{[%emt 00:00:13]} 3. Nc3 {[%clk 00:49:53]} {[%emt 00:00:24]} d5 {[%clk
00:49:47]} {[%emt 00:00:28]} 4. exd5 {[%clk 00:48:45]} {[%emt 00:01:18]} exd5
{[%clk 00:49:47]} {[%emt 00:00:10]} 5. Nf3 {[%clk 00:48:45]} {[%emt 00:00:09]}
h6 {[%clk 00:48:04]} {[%emt 00:01:53]} 6. Bd3 {[%clk 00:46:57]} {[%emt
00:01:58]} Nf6 {[%clk 00:48:04]} {[%emt 00:00:10]} 7. O-O {[%clk 00:45:28]}
{[%emt 00:01:38]} Be7 {[%clk 00:47:55]} {[%emt 00:00:19]} 8. Re1 {[%clk
00:44:22]} {[%emt 00:01:16]} O-O {[%clk 00:47:55]} {[%emt 00:00:10]} 9. Be3
{[%clk 00:39:28]} {[%emt 00:05:04]} Nc6 {[%clk 00:45:17]} {[%emt 00:02:48]} 10.
a3 {[%clk 00:38:10]} {[%emt 00:01:29]} Bd6 {[%clk 00:44:03]} {[%emt 00:01:23]}
11. Qd2 {[%clk 00:36:47]} {[%emt 00:01:33]} Bg4 {[%clk 00:37:21]} {[%emt
00:06:53]} 12. Be2 {[%clk 00:36:04]} {[%emt 00:00:52]} Re8 {[%clk 00:35:21]}
{[%emt 00:02:10]} 13. Qd1 {[%clk 00:30:08]} {[%emt 00:06:06]} Qd7 {[%clk
00:34:02]} {[%emt 00:01:29]} 14. h3 {[%clk 00:21:48]} {[%emt 00:08:30]} Bh5
{[%clk 00:32:52]} {[%emt 00:01:19]} 15. Nh4 {[%clk 00:13:56]} {[%emt 00:08:02]}
Bxe2 {[%clk 00:32:27]} {[%emt 00:00:34]} 16. Rxe2 {[%clk 00:13:38]} {[%emt
00:00:29]} g5 {[%clk 00:31:07]} {[%emt 00:01:29]} 17. Nf3 {[%clk 00:12:52]}
{[%emt 00:00:56]} Qf5 {[%clk 00:30:46]} {[%emt 00:00:30]} 18. Re1 {[%clk
00:09:29]} {[%emt 00:03:35]} Ne7 {[%clk 00:28:53]} {[%emt 00:02:02]} 19. Ne2
{[%clk 00:07:29]} {[%emt 00:02:10]} Ne4 {[%clk 00:27:59]} {[%emt 00:01:04]} 20.
b3 {[%clk 00:06:32]} {[%emt 00:01:08]} Ng6 {[%clk 00:27:22]} {[%emt 00:00:47]}
21. c4 {[%clk 00:04:56]} {[%emt 00:01:46]} c6 {[%clk 00:27:26]} {[%emt
00:00:06]} 22. Nd2 {[%clk 00:03:00]} {[%emt 00:02:06]} Nh4 {[%clk 00:26:40]}
{[%emt 00:00:56]} 23. Nxe4 {[%clk 00:02:44]} {[%emt 00:00:26]} Qxe4 {[%clk
00:26:41]} {[%emt 00:00:09]} 24. Nf4 {[%clk 00:01:51]} {[%emt 00:01:03]} Bxf4
{[%clk 00:26:29]} {[%emt 00:00:22]} 25. f3 {[%clk 00:01:45]} {[%emt 00:00:16]}
Bxe3+ {[%clk 00:26:29]} {[%emt 00:00:10]} 26. Kh2 {[%clk 00:01:43]} {[%emt
00:00:12]} Qf4+ {[%clk 00:26:28]} {[%emt 00:00:12]} 0-1